Նախիջևանյան մտորում-էսքիզներ : (Record no. 528040)
[ view plain ]
| 000 -LEADER | |
|---|---|
| fixed length control field | 00978nam a2200229 a 4500 |
| 001 - CONTROL NUMBER | |
| control field | 1649898 |
| 003 - CONTROL NUMBER IDENTIFIER | |
| control field | AM-YEHGA |
| 005 - DATE AND TIME OF LATEST TRANSACTION | |
| control field | 20250618080121.0 |
| 008 - FIXED-LENGTH DATA ELEMENTS--GENERAL INFORMATION | |
| fixed length control field | 190925m2019 ai ||||gr|||||||||0|arm|d |
| 040 ## - CATALOGING SOURCE | |
| Original cataloging agency | AM-YeHGA |
| 041 0# - LANGUAGE CODE | |
| Language code of text/sound track or separate title | arm |
| 090 ## - LOCALLY ASSIGNED LC-TYPE CALL NUMBER (OCLC); LOCAL CALL NUMBER (RLIN) | |
| -- | 566207 |
| 100 1# - MAIN ENTRY--PERSONAL NAME | |
| Personal name | Այվազյան, Արգամ Արարատի, |
| Dates associated with a name | 1947- |
| 9 (RLIN) | 3085 |
| 245 10 - TITLE STATEMENT | |
| Title | Նախիջևանյան մտորում-էսքիզներ : |
| Remainder of title | Ըստ գրապատմական սակավ հայտնի և նորահայտ աղբյուրների ու իրողությունների / |
| Statement of responsibility, etc. | Ա. Այվազյան. |
| 260 ## - PUBLICATION, DISTRIBUTION, ETC. | |
| Place of publication, distribution, etc. | Երևան : |
| Name of publisher, distributor, etc. | Հեղինակային հրատ., |
| Date of publication, distribution, etc. | 2019. |
| Manufacturer | «Գասպրինտ», |
| 300 ## - PHYSICAL DESCRIPTION | |
| Extent | հատոր |
| 504 ## - BIBLIOGRAPHY, ETC. NOTE | |
| Bibliography, etc. note | Մատենագիտություն՝ էջ 758-763: (Հտ. 1) |
| 505 10 - FORMATTED CONTENTS NOTE | |
| Miscellaneous information | Հ. [1] (2019 ; 763 էջ , լուսանկ) ; |
| 650 14 - SUBJECT ADDED ENTRY--TOPICAL TERM | |
| Topical term or geographic name entry element | Հայ հուշագրություն |
| 9 (RLIN) | 5766 |
| 651 #4 - SUBJECT ADDED ENTRY--GEOGRAPHIC NAME | |
| Geographic name | Նախիջևանի Ինքնավար Մարզ |
| General subdivision | Պատմություն |
| 942 ## - ADDED ENTRY ELEMENTS (KOHA) | |
| Source of classification or shelving scheme | Universal Decimal Classification |
| Koha item type | Գրքեր / Books |
| Withdrawn status | Lost status | Source of classification or shelving scheme | Damaged status | Not for loan | Collection | Home library | Current library | Date acquired | Serial enumeration / chronology | Total checkouts | Full call number | Barcode | Date last seen | Price effective from | Koha item type | Public note |
|---|---|---|---|---|---|---|---|---|---|---|---|---|---|---|---|---|
| Universal Decimal Classification | General | Fundamental Scientific Library | Fundamental Scientific Library | 14/06/2023 | Հ. [1] | AII/110372 | FL0672422 | 14/06/2023 | 14/06/2023 | Գրքեր / Books | 30 Days Loan |
ՀՀ Գիտությունների ազգային ակադեմիայի հիմնարար գիտական գրադարան = Fundamental Scientific Library of NAS RA
All site content, except where otherwise noted, is licensed under a